Psico-pedagogía terapéutica / (Record no. 108913)

MARC details
000 -LEADER
campo de control de longitud fija 00895nam a2200241 4500
001 - NÚMERO DE CONTROL
campo de control 108913
003 - IDENTIFICADOR DE NÚMERO DE CONTROL
campo de control ES-MaACL
005 - FECHA Y HORA DE LA ÚLTIMA TRANSACCIÓN
campo de control 20250829130333.0
007 - CAMPO FIJO DE DESCRIPCIÓN FÍSICA--INFORMACIÓN GENERAL
campo de control de longitud fija t|
008 - DATOS DE LONGITUD FIJA--INFORMACIÓN GENERAL
campo de control de longitud fija 061121m19621963sp r ||||1| spa d
100 1# - ENTRADA PRINCIPAL--NOMBRE DE PERSONA
Nombre de persona Moor , Paul.
9 (RLIN) 185577
245 10 - MENCIÓN DEL TÍTULO
Título Psico-pedagogía terapéutica /
Mención de responsabilidad, etc. Moor Paul ; versión española del Dr. Agustín Serrate.
260 ## - PUBLICACIÓN, DISTRIBUCIÓN, ETC.
Lugar de publicación, distribución, etc. Madrid :
Nombre del editor, distribuidor, etc. Morata,
Fecha de publicación, distribución, etc. 1962-1963.
300 ## - DESCRIPCIÓN FÍSICA
Extensión 2 v. ;
Dimensiones 23 cm.
490 1# - MENCIÓN DE SERIE
Mención de serie Filosofía, psicología, pedagogía
505 8# - NOTA DE CONTENIDO CON FORMATO
Nota de contenido con formato Contiene: 1. Síntesis aplicativa de las modernas corrientes psicológicas (383 p.) -- 2. Los trastornos del desarrollo (533 p.)
650 #7 - PUNTO DE ACCESO ADICIONAL DE MATERIA--TÉRMINO DE MATERIA
Término de materia o nombre geográfico como elemento de entrada Pedagogía terapéutica
Fuente del encabezamiento o término embne
9 (RLIN) 15909
650 #4 - PUNTO DE ACCESO ADICIONAL DE MATERIA--TÉRMINO DE MATERIA
Término de materia o nombre geográfico como elemento de entrada Psicoterapia.
9 (RLIN) 16579
700 1# - ENTRADA AGREGADA--NOMBRE PERSONAL
Nombre de persona Serrate Torrente, Agustín.
9 (RLIN) 105823
830 10 - PUNTO DE ACCESO ADICIONAL DE SERIE-TÍTULO UNIFORME
Título uniforme Filosofía, psicología, pedagogía
9 (RLIN) 181408
852 4# - LOCALIZACIÓN
Ubicación ES-MaACL
Número de control de estantería E-4148-49
Holdings
Estatus retirado Estado de pérdida Estado de daño No para préstamo Biblioteca de origen Biblioteca actual Ubicación en estantería Fecha de adquisición Fuente de adquisición Total de préstamos Signatura topográfica completa Código de barras Visto por última vez Precio de reemplazo Tipo de ítem Koha
        Biblioteca del Ateneo de Madrid Biblioteca del Ateneo de Madrid Depósito 2 17/01/2008     E-4148-49 1113645 23/02/2023 23/02/2023 Libro impreso